=LDR 00000nam 2200000 4500 =001 INLIS000000000043904 =005 20131008103945 =008 ***********************************ind** =035 ##$$0010-101300000001826 =041 ##$$a ind =082 ##$$a 495.1 =090 ##$$a 495.1, Scu t =100 ##$$a Scurfield, Elizabeth =245 ##$$a Teach yourself beginners chinese, Elizabeth Scurfield; alih bahasa,. Reny Llimarga =260 ##$$a 2005 $b Jakarta =300 ##$$a xxiv, 303 hlm, ilus, 2005 =650 ##$$a Belajar majdiri =850 ##$$a NBPNMAT =990 ##$$a 0001/BPAP-NTB/2015